Czy znasz wszystkie... ? - Statystyki

Ogólne statystyki
  • Ten quiz został rozwiązany 420 razy
  • Średni wynik to 55 z 137
Statystyki odpowiedzi
Odpowiedź % Poprawnych
1. palce kciuk
92%
wskazujący
90%
10. Podstawowe kolory | 6. kolory tęczy czerwony
89%
niebieski
89%
żółty
89%
serdeczny
88%
środkowy
88%
mały
85%
zielony
85%
Andrzej Duda
84%
fioletowy
84%
pomarańczowy
80%
matematyka
79%
8. Przedmioty szkolne w podstawówce język polski
78%
wychowanie fizyczne
78%
Brazylia
77%
język obcy
75%
9. Najwięcej stacji benzynowych w Polsce PKN ORLEN
74%
2. kraje Ameryki Południowej Argentyna
73%
Chile
71%
Lech Kaczyński
71%
przyroda
71%
król
69%
Lech Wałęsa
68%
Peru
67%
plastyka
67%
Kolumbia
66%
Bronisław Komorowski
65%
Urugwaj
64%
muzyka
63%
Aleksander Kwaśniewski
62%
11. Najwięcej subskrypcji na polskim YT Blowek
62%
Boliwia
61%
Wenezuela
61%
Paragwaj
60%
20. Drzewa iglaste w polsce sosna
60%
Covid-19
58%
Ekwador
58%
Friz
58%
7. Napoje od coca-cola coca cola
57%
fanta
57%
historia
56%
sprite
56%
świerk
54%
technika
53%
5. części Harrego Pottera Harry Potter i kamień filozoficzny
52%
wieża
50%
14. Najbardziej znane Epidemie dżuma
49%
Gujana
49%
British Petroleum
48%
granatowy
48%
informatyka
48%
religia
48%
Stuu
48%
Harry Potter i komnata tajemnic
47%
Akcent - Przez Twe Oczy Zielone
45%
Surinam
45%
FC Barcelona
44%
Harry Potter i czara ognia
44%
15. Zwycięzcy ligi mistrzów po 2000 r. Real Madryt
44%
17. Kraje z największą liczbą gwiazdek michelin Francja
42%
goniec
42%
Harry Potter i Insygnia Śmierci
42%
Grupa LOTOS
41%
Harry Potter i więzień Azkabanu
41%
jodła
41%
19. Figury szachowe pion
41%
modrzew
40%
4. Prezydenci Polski po 1989 r. Wojciech Jaruzelski
40%
Harry Potter i Zakon Feniksa
39%
Rezigiusz
39%
Shell
39%
skoczek
39%
Harry Potter i Książę Półkrwi
35%
Liverpool
35%
Chelsea
33%
Naruto
33%
Bayern Monachium
32%
Włochy
32%
16. Płaty mózgowe płat czołowy
30%
AC Milan
29%
koty
28%
18. Najpopularniejsze zwierzęta domowe psy
28%
hetman
27%
płat skroniowy
27%
płat potyliczny
26%
SA Wardega
26%
chomiki
25%
Weekend - Ona Tańczy Dla Mnie
23%
Inter Mediolan
22%
Ebola
21%
rybki
20%
AbstrachujeTV
19%
cis
17%
Naruciak
17%
12. Najpopularniejsze piosenki disco polo Boys - Jestes szalona
16%
FC Porto
16%
Japonia
16%
płat ciemieniowy
16%
papugi
13%
Statoil
13%
3. Najbardziej popularne anime Death Note
11%
SARS
10%
Bazylland
9%
Step Records
9%
Szwajcaria
8%
Częstochowa
7%
tymczasowo Grzegorz Schetyna
7%
Monster
7%
Attack on Titan
6%
13. Najwyższe kościoły w Polsce Licheń Stary
6%
Disco Marek
4%
fuzetea
4%
Kropla Beskidu
4%
Manchaster United
4%
Mig - Miód Malina
4%
One punch man
4%
tymczasowo Bogdan Borusewicz
3%
Łódź
3%
My hero academia
3%
soki Cappy
3%
Sword Art Online
3%
Szczecin
3%
Boys - Wolność
2%
Fullmetal Alchemist Brotherhood
2%
jałowiec
2%
Powerade
2%
MERS
1%
No game no life
1%
Steins Gate
1%
Świdnica
1%
Tokyo ghoul
1%
Bielawa
0%
Chojna
0%
Nie znaleziono quizów pasujących do podanych kryteriów
Rozkład punktacji
Procent ludzi z każdym wynikiem
Percentyl według liczby udzielonych odpowiedzi
Twoja historia wyników
Nie rozwiązałeś tego quizu